Annual report, 2022-23 (Record no. 525366)

000 -LEADER
fixed length control field 00394cam a22001337a 4500
008 - FIXED-LENGTH DATA ELEMENTS--GENERAL INFORMATION
fixed length control field 180718b2012 xxu||||| |||| 00| 0 eng d
082 ## - DEWEY DECIMAL CLASSIFICATION NUMBER
Classification number A45:K782 In2/2018
100 ## - MAIN ENTRY--PERSONAL NAME
Personal name Government of India
9 (RLIN) 12191
245 ## - TITLE STATEMENT
Title Annual report, 2022-23
Statement of responsibility, etc Central vigilance commission
260 ## - PUBLICATION, DISTRIBUTION, ETC. (IMPRINT)
Place of publication, distribution, etc New Delhi
Name of publisher, distributor, etc Cental vigilance commission
Date of publication, distribution, etc 2022-23
300 ## - PHYSICAL DESCRIPTION
Extent 252p.
650 ## - SUBJECT ADDED ENTRY--TOPICAL TERM
Topical term or geographic name as entry element Vigilance
9 (RLIN) 12192
942 ## - ADDED ENTRY ELEMENTS (KOHA)
Source of classification or shelving scheme
Holdings
Withdrawn status Lost status Source of classification or shelving scheme Damaged status Koha normalized classification for sorting Not for loan Permanent location Current location Date acquired Full call number Barcode Date last seen Copy number Price effective from Koha item type
        A_45K782_IN2_202223   Indian Institute of Public Administration Indian Institute of Public Administration 2024-02-29 A45:K782 In2/2022-23 gg35080 2024-02-29 (H) 2024-02-29 GG
        A_45K782_IN2_22223   Indian Institute of Public Administration Indian Institute of Public Administration 2024-02-29 A45:K782 In2/222-23 gg35079 2024-02-29   2024-02-29 GG

Powered by Koha